Most Popular NCS Songs by Artist - Statistics

General Stats
  • This quiz has been taken 20 times
  • The average score is 41 of 58
Answer Stats
Hint Answer % Correct
Disfigure Blank
94%
Cartoon On & On
94%
Daniel Levi On & On
94%
Janji Heroes Tonight
88%
Deaf Kev Invincible
88%
Warriyo Mortals
88%
Different Heaven My Heart
88%
EH!DE My Heart
88%
Egzod Royalty
88%
Maestro Chives Royalty
88%
Neoni Royalty
88%
Elektronomia Sky High
88%
Sub Urban Cradles
82%
Lost Sky Fearless Pt. II
82%
Chris Linton Fearless Pt. II
82%
Julius Dreisig Invisible
82%
Zeus X Crona Invisible
82%
Razihel Love U
82%
Ship Wrek Ark
76%
Zookeepers Ark
76%
Syn Cole Feel Good
76%
Jim Yosef Firefly
76%
Desmeon Hellcat
76%
Culture Code Make Me Move
76%
Karra Make Me Move
76%
Unknown Brain Superhero
76%
Coleman Trapp Why We Lose
76%
JJD Adventure
71%
Sara Skinner Dreams Pt. II
71%
Robin Hustin Light It Up
71%
TobiMorrow Light It Up
71%
Jex Light It Up
71%
Diviners Savannah
71%
Spektrem Shine
71%
Aero Chord Shootin Stars
71%
Ddark Shootin Stars
71%
Electro-Light Symbolism
71%
Rival Control
65%
JPB High
65%
Aleesia High
65%
Lensko Let's Go!
65%
Marvin Divine MATAFAKA
65%
Dirty Palm Oblivion
65%
Micah Martin Oblivion
65%
Heuse Pill
65%
Emma Sameth Pill
65%
Prismo Stronger
65%
Jo Cohen We Are
65%
Whales We Are
65%
Bri Tolani Why Do I?
65%
Clarx H.A.Y
59%
Jéja C U Again
53%
Mikk Mäe C U Again
53%
Diamond Eyes Everything
53%
Contacreast Tropic Love
53%
R3YAN Forever
18%
Jone Forever
18%
Tobu Turn It Up
18%
No matching quizzes found
Score Distribution
Percent of People with Each Score
Percentile by Number Answered
Your Score History
You have not taken this quiz